Major plays 1 comprising: many colours make the thunder-king, farewell to a cannibal rage, the oriki of a grasshopper/

Saved in:
Bibliographic Details
Main Author: OSOFISAN, Femi
Format: Book
Language:English
Published: Opon Ifa Readers 2003
Tags: Add Tag
No Tags, Be the first to tag this record!

MARC

LEADER 00000nam a22000007a 4500
008 201217b ||||| |||| 00| 0 eng d
020 |a ISBN: 978-36136-2-6 
100 |a OSOFISAN, Femi 
245 |a Major plays 1  |b comprising: many colours make the thunder-king, farewell to a cannibal rage, the oriki of a grasshopper/   |c Femi Osofisan  |g . 207p. 
260 |b Opon Ifa Readers  |c 2003  |h Ibadan  |i 681096 –  |i ., 681097  |l PR9387.9 .Os5M29  |m  Drama – Nigeria. 
942 |a lcc  |c BK  |e Olagoke,M.A  |f 17/12/2020 
952 |0 0  |1 0  |2 lcc  |4 0  |6 PR93879 O S5 M29  |7 0  |9 715  |a HOL  |b HOL  |c LP  |d 2020-12-17  |l 0  |o PR9387.9 .Os5M29  |p 2020-229938  |r 2020-12-17 00:00:00  |w 2020-12-17  |y BK 
952 |0 0  |1 0  |2 lcc  |4 0  |6 PR93879 O S5 M230  |7 0  |9 716  |a HOL  |b AC  |c LP  |d 2020-12-17  |l 0  |o PR9387.9 .Os5M230  |r 2020-12-17 00:00:00  |w 2020-12-17  |y BK 
999 |c 408  |d 408